000 00598nam a22002057a 4500
003 BD-DhJNU
005 20250223035103.0
008 250219b |||||||| |||| 00| 0 eng d
020 _a9781259003059
040 _aBD-DhJNU
_bENG
_cBD-DhJNU
_dBD-DhJNU
082 _223
_a150 FEU
100 _aFeldman, Robert S
245 _aUnderstanding psychology /
_cRobert S Feldman
250 _a10th ed.
260 _aNew Delhi :
_bMcGraw-Hill,
_c2011.
300 _avarious pages :
_bill. ;
_c28 cm.
504 _aIncludes bibliographical references and index
650 _aPsychology
942 _2ddc
_cBK
_n0
999 _c1371
_d1371